000 00631nam a2200229Ia 4500
003 OSt
005 20220923230349.0
006 a|||||r|||| 00| 0
007 ta
008 Pun
024 _a279,813
037 _cTextual
040 _aARTS
_cARTS
_bPun
041 _2Pun
_aPun
082 _aO153,1NNOx, N0
100 _aਨੂਰ, ਸੁਤਿੰਦਰ ਸਿੰਘ
245 0 _aਕਵਿਤਾ ਦੀ ਜਲਾਵਤਨੀ
260 _c1990
650 _aਪੰਜਾਬੀ ਸਾਹਿਤ
942 _hO153,1NNOx, N0
_cTEXL
_2CC
999 _c384273
_d384273